Library Banner

Data analysis for physical scientists : (Record no. 74324)

MARC details
000 -LEADER
fixed length control field 00575nam a2200205Ia 4500
001 - CONTROL NUMBER
control field 68292
005 - DATE AND TIME OF LATEST TRANSACTION
control field 20170322113050.0
008 - FIXED-LENGTH DATA ELEMENTS--GENERAL INFORMATION
fixed length control field 150819s9999 xx 000 0 und d
020 ## - INTERNATIONAL STANDARD BOOK NUMBER
International Standard Book Number 9780521883726
040 ## - CATALOGING SOURCE
Transcribing agency PK-LaUMT
082 ## - DEWEY DECIMAL CLASSIFICATION NUMBER
Classification number RCC 502.85554
Item number KIR-D
100 ## - MAIN ENTRY--PERSONAL NAME
Personal name Kirkup, Les
245 ## - TITLE STATEMENT
Title Data analysis for physical scientists :
Remainder of title featuring Excel /
Statement of responsibility, etc Les Kirkup
250 ## - EDITION STATEMENT
Edition statement 2nd ed.
260 ## - PUBLICATION, DISTRIBUTION, ETC. (IMPRINT)
Place of publication, distribution, etc Cambridge, USA:
Name of publisher, distributor, etc Cambridge University Press,
Date of publication, distribution, etc 2012
300 ## - PHYSICAL DESCRIPTION
Extent 510 p.
546 ## - LANGUAGE NOTE
Language note EN
650 ## - SUBJECT ADDED ENTRY--TOPICAL TERM
Topical term or geographic name as entry element Research-Statistical methods-Data processing
942 ## - ADDED ENTRY ELEMENTS (KOHA)
Koha item type Books
Holdings
Withdrawn status Lost status Damaged status Home library Current library Date acquired Full call number Barcode Date last seen Price effective from Koha item type
      UMT Main Campus UMT Main Campus 2015-08-19 RCC 502.85554 KIR-D 93537 2016-03-15 2015-08-19 Books